| 000 | 01000nam a22002657a 4500 | ||
|---|---|---|---|
| 999 |
_c7603 _d7603 |
||
| 003 | AR-CdUCM | ||
| 008 | 190320b ||||| |||| 00| 0 spa d | ||
| 020 | _a84-7214-203-5 | ||
| 040 |
_aMUNICIPALIDAD PROVINCIAL DEL CUSCO _cBIBLIOTECA MUNICIPAL DEL CUSCO |
||
| 041 | _heng | ||
| 082 |
_a574.191 / _bW18 |
||
| 100 |
_aWainwright, S. A. _921457 |
||
| 245 | _aDiseño mecánico en organismos / | ||
| 260 |
_aMadrid : _bBlume, _c1980. |
||
| 300 |
_a481 páginas ; _bIlustraciones, _c21 cm. |
||
| 440 |
_aBiología y diseño _921458 |
||
| 500 | _aTitulo original: Mechanical design in organisms. | ||
| 505 | _aPrincipios de resistencia de materiales: Descripción fenomenológica -- Principios de resistencia de materiales: interpretación molecular -- Materiales tractibles -- Materiales flexibles ... | ||
| 650 |
_aBiomecánica _921459 |
||
| 650 |
_aResistencia de materiales _920140 |
||
| 700 |
_aBiggs, W. D. _921460 |
||
| 700 |
_aCurrey, J. D. _921461 |
||
| 942 |
_2ddc _cLIBROS |
||
| 945 | _aacv | ||